Iquiero que me asuste! y otros cuentos de encantamiento /

Guardado en:
Autor Principal: Basile, Giambattista
Otros Autores: Leprince de Beaumont, Mme, Grimm, Medina, Pablo; comp.
Formato: Libro
Publicado: Buenos Aires : Fundación Ciccus, 2013
Series:Los libros de María Chucena
Materias:
Etiquetas: Agregar Etiqueta
Sin Etiquetas, Sea el primero en etiquetar este registro!
LEADER 01232nam a22003015a 4500
001 CEM.cems015371
005 20191129154310.0
008 130507s2013##################000#0#####d
003 CEMS
020 |a 9789876930178 
082 0 4 |a 808.8 
100 1 |a Basile, Giambattista 
245 1 0 |a Iquiero que me asuste! y otros cuentos de encantamiento /  |c Giambattista Basile ... y Otros ; compilado Por Pablo Medina 
260 |a Buenos Aires :  |b Fundación Ciccus,  |c 2013 
300 |a 64 p. 
490 0 |a Los libros de María Chucena 
505 0 |a Sol, Luna y Talía / Giambattista Basile -- Cuento de Orlando el furioso / Mme. Leprince de Beaumont -- ¡Quiero que me asusten! / Grimm -- La flor de Lirolay : cuentos y leyendas populares de la Argentina. Selección para niños -- 
653 |a Literatura 
653 |a Literatura universal 
653 |a Literatura infantil 
653 |a Cuentos infantiles 
653 |a Colección ciencias de la educación 
653 |a Leyendas 
700 1 |a Leprince de Beaumont, Mme 
700 1 |a Grimm 
700 1 |a Medina, Pablo; comp. 
859 |a CEMS  |b BIB. CEMS - Ccias. Educacion  |h 808.8  |i B292  |k CE  |p 28683.19  |t Ej.1 
859 |a CEMS  |b BIB. CEMS - Ccias. Educacion  |h 808.8  |i B292  |k CE  |p 28684.19  |t Ej.2